La reforma del Estado, las privatizaciones y los servicios municipales /
保存先:
| 第一著者: | |
|---|---|
| フォーマット: | 図書 |
| 言語: | Spanish |
| タグ: |
タグ追加
タグなし, このレコードへの初めてのタグを付けませんか!
|
MARC
| LEADER | 00000nam a22000007a 4500 | ||
|---|---|---|---|
| 003 | cru CIDCACS/IIS | ||
| 005 | 20191206105136.0 | ||
| 007 | ta | ||
| 008 | 191206s1992 ec q||p|r||||||0| ||spa|| | ||
| 999 | |c 42726 |d 42726 | ||
| 040 | |c cru CIDCACS/IIS | ||
| 100 | 1 | |9 8859 |a Palán T., Zonia | |
| 245 | 1 | 3 | |a La reforma del Estado, las privatizaciones y los servicios municipales / |c Zonia Palán T. |
| 300 | |a páginas 9-10 | ||
| 942 | |2 ddc |c PP | ||
| 773 | 0 | |0 42722 |9 4014 |a Centro de Investigaciones Ciudad |d Quito, Ecuador: Centro de Investigaciones Ciudad, 1989- |o 18771 |t Ciudad Alternativa/ | |
